[Event "SUI-GER m"]
[Site "Zuerich"]
[Date "2002.09.08"]
[Round "2"]
[White "Lutz, Christopher"]
[Black "Pelletier, Yannick"]
[Result "0-1"]
[WhiteElo "2655"]
[BlackElo "2571"]
[Annotator "Pelletier,Y"]
[PlyCount "88"]
[EventDate "2002.09.07"]
[EventType "match"]
[EventRounds "2"]
[EventCountry "SUI"]
[SourceTitle "CBM 091"]
[Source "ChessBase"]
[SourceDate "2002.11.12"]
[SourceVersion "1"]
[SourceVersionDate "2002.11.12"]
[SourceQuality "1"]

1. e4 {Psakhis} e6 2. d4 d5 3. Nc3 Bb4 4. e5 Ne7 5. a3 Bxc3+ 6. bxc3 c5 7. Qg4
O-O 8. Bd3 Nbc6 9. Qh5 Ng6 10. Nf3 Nce7 $6 {Psakhis: 'This is a quite new move
first time was played just in 1989, but just now became very popular.'  Diese
Nebenvariante ist zweifelhaft. Nicht ohne Grund wird sie von Stefan Kindermann
& Ulrich Dirr in ihrem ausgezeichneten Buch kritisiert. Schwarz lässt im Druck
gegen e5 nach und erlaubt 11.dxc5, was vor allem die aktive Stellung des Bd3
sichert. Natürlich war ich mir all dessen bewusst und hatte meine eigene Idee.}
(10... Qc7 11. Be3 c4 ({oder} 11... Nce7 {lautet die bessere Spielweise.})) (
10... Qc7 $5 {Psakhis: still is more common.}) 11. dxc5 {Psakhis: 'It is very
understandable, that having two bishops, White is trying to open position.'} (
11. Ng5 $6 {Psakhis} h6 12. Nf3 c4 13. Bxg6 fxg6 14. Qg4 Bd7 $11 {0-1 Polgar,
S-Lputian,S/Rimavska Sobota 1991/ (33) just wasting time and gives to Black at
least equal game}) 11... b6 {'N' Psakhis. Psakhis: 'Interesting novelty.'} ({
After} 11... Qc7 {Psakhis} 12. O-O Nf5 (12... f6 {Psakhis} 13. exf6 gxf6 14. c4
$36) 13. Re1 Qxc5 14. Bd2 Qc7 15. Rab1 Bd7 16. Ng5 {1/2-1/2 Vasiukov,Y-Naumkin,
I/Voskresensk 1990 (32) Black failed to equalize}) 12. c6 $1 ({Nach} 12. cxb6
axb6 {[%csl Ra3,Rc3,Gd3][%cal Gc8a6] gelingt es dem Nachziehenden, mittels Ba6
den gefährlichen Bd3 abzutauschen. Danach hätte er wegen der einigen
Bauernschwächen im weißen Lager gutes Spiel. Dass der Bauer auch vorbeistoßen
kann, hatte ich unterschätzt.}) 12... Qc7 13. O-O f5 ({Die Alternative} 13...
Nxc6 14. a4 {bringt nichts ein, da} Ncxe5 $4 15. Nxe5 Qxe5 16. Bxg6 {
bekanntlich eine Figur verliert.}) (13... Qxc6 {Psakhis} 14. c4 Bb7 $1 (14...
dxc4 {Psakhis} 15. Ng5 h6 16. Be4) 15. Bg5 Nf5 {also leads to unclear game.})
14. exf6 ({Christopher öffnet die Stellung für sein Läuferpaar und zerstört
gleichzeitig meine Rochade.} 14. Re1 Qxc6 15. a4 Qxc3 16. Ba3 Bd7 {war unklar.}
) 14... gxf6 {Psakhis: 'It's extremely difficult to evaluate this position.'}
15. c4 $5 ({Es kam auch in Frage, die Züge} 15. Nh4 $5 f5 {und den Abtausch
auf g6 einzuschalten, bevor man den Vorstoß c4 durchsetzt.}) 15... dxc4 (15...
Qxc6 16. Re1 $1 {[%csl Re6][%cal Gf3d4] ist unangenehm.}) 16. Bxc4 Qxc6 17. Bb3
{[%csl Rg8][%cal Gb3g8]} Kh8 {Natürlich bemüht sich Schwarz, die Aktivität des
Bb3 mittels e5 und Be6 zu beschränken. Aber Weiß kommt zuerst dran.} 18. Nd4 $2
({Weiß scheint, über viele verheißungsvolle Möglichkeiten zu verfügen. Während
der Partie untersuchte ich} 18. Bb2 $6 e5 19. Rfe1 {[%cal Gf3e5] mit der
gewaltigen Drohung eines Opfers auf e5. Aber nach} Bb7 {[%csl Yb7,Yc6,Rg2]
[%cal Yg6f4] entfaltet die schwarze Stellung dank der Drohung Nf4 gutes
Gegenspiel.}) ({Möglich war auch} 18. Bh6 {, was im Anbetracht der Variante}
Rd8 19. Rfe1 e5 $2 20. Rxe5 $1 fxe5 21. Nxe5 {sehr stark zu sein scheint. Hier
mindestens gewinnt der Angriff rasch nach z.B.} Rd5 22. Qf3 Qe6 23. Nxg6+ hxg6
24. Qf8+ {Aber es gibt für Schwarz noch 19...Nf5!, nachdem die Welt für ihn in
Ordnung ist.}) ({Die richtige Fortsetzung war sehr schwer zu entdecken, denn
man musste die Ideen der beiden vorigen Alternativen kombinieren. Nach} 18. Re1
$1 {muss Schwarz den Vorstoss e5 sorgfältig vorbereiten, da ständig
Opfermöglichkeiten drohen.} Nf5 ({eben nicht} 18... e5 $2 19. Bh6 {, wonach
praktisch unausweichlich Rxe5! folgt.}) 19. Bb2 Qc7 ({und wieder nicht} 19...
e5 $2 20. Rxe5 $1) 20. Qg4 (20. Rad1 e5) 20... e5 21. Qe4 Bd7 22. Rad1 Rad8 $14
{mit haltbarer wenn auch mühsamer Stellung.}) 18... Qe4 (18... Qc3 19. Be3 e5
20. Ne2 Qc6 {war ebenfalls möglich, aber mir gefiel meine Dame auf der langen
Diagonale.}) 19. Rd1 ({After} 19. Bh6 {Psakhis} Nh4 $1 20. f3 (20. Nf3 $2 {
Psakhis} Nxf3+ 21. gxf3 Rg8+ 22. Kh1 Qf5 $19) 20... Qxd4+ 21. Kh1 Ba6 $5 (21...
Rd8 {Psakhis} 22. c3 $8 Qxc3 23. Qxh4 Nf5 24. Rac1 Nxh4 25. Rxc3 Nf5) 22. Rad1
Bxf1 23. Rxd4 Bxg2+ 24. Kg1 Nxf3+ 25. Kxg2 Nxd4 {Black has more than enough
compensation for the queen.}) (19. c3 {Psakhis} e5 20. Nb5 Nc6) 19... Rd8 $1 ({
Diese überraschende ("halbe") Fesselung löst die schwarzen Probleme.} 19... e5
$2 20. f3 Qh4 (20... Qb7 21. Nb5 $18 {[%cal Gb5d6,Gd6f7]}) 21. Qxh4 Nxh4 22.
Nb5 $16 {war hingegen sehr schlecht.}) 20. Be3 ({Nach} 20. f3 Qe5 21. Qg4 h5 $1
22. Qe4 Qxe4 23. fxe4 e5 {[%csl Rd1]}) ({oder} 20. Bb2 e5 {[%csl Re3] hat
Schwarz mehr vom Spiel,}) ({während das Opfer} 20. Bh6 Rxd4 21. Rxd4 Qxd4 22.
Rd1 {am einfachsten mittels} Qe4 {[%cal Ge7g8] widerlegt wird.}) 20... e5 21.
Ne6 {Psakhis: 'Only move'} (21. Nf3 $2 {Psakhis} Bg4 22. Rxd8+ Rxd8 23. Ng5 $8
fxg5 24. Qxg5 Rf8 $19) (21. Qf3 {Psakhis} Qxf3 22. Nxf3 Bg4) 21... Bb7 $5 ({
Voll in die Verwicklungen hinein, während} 21... Bxe6 22. Bxe6 Nh4 (22... Qxc2
23. Qf3 $44) 23. Qg4 (23. Bh3 {Psakhis} Rxd1+ 24. Rxd1 Rg8 $36) 23... Qxg4 24.
Bxg4 Nhf5 {zum Ausgleich geführt hätte.}) 22. Qh3 Rg8 ({Der Zwischentausch auf
d1 schwächt beide Grundreihen, aber nach} 22... Rxd1+ 23. Rxd1 Rg8 {'?'
Psakhis.} 24. Nd8 $1 {profitiert nur Weiß davon!}) 23. Bg5 $2 {Psakhis: 'This
move may looks active, but this is actually a mistake. Good or bad, but Lutz
had to play 23.Rd7.'} ({Nach diesem Fehler steht Schwarz endgültig besser.
Nötig war hier} 23. Rd7 $1 {(23.Re1? Qh4! oder 23.Ng5?! fxg5 24.Bxg8 Nxg8!? 25.
Bxg5 Nf4 26.Bxf4 Qxf4 27.Rd7 Be4 sind für Schwarz günstig) , worauf ich rasch
angenommen hatte, dass 23...Nh4 gut war. Aber in diesem Fall übernimmt Weiß
die Führung mittels 24.Ng5! fxg5 25.Rxe7.} {Nach dem Turmzug müsste also
Schwarz die richtige Erwiderung} Qxg2+ $1 {finden. Die Alternativen sind
hingegen nachteilig, z.B:} (23... Rae8 $6 24. Bg5 $1 fxg5 25. Nxg5 Qxg2+ 26.
Qxg2 Bxg2 27. Nf7+ Kg7 28. Kxg2 $14) (23... Nf8 $6 24. Rxe7 $1 (24. Nxf8 Raxf8
$1 25. Bxg8 Rxg8 26. Rxb7 Qxb7) 24... Rxg2+ 25. Kf1 Rg1+ 26. Ke2 Rxa1 27. Qh6
$1 {[%csl Rh8] und Weiß erhält Angriffschancen! Nach} Qf3+ 28. Kd2 Rg1 29. Rxb7
Qd1+ (29... Qxb7 30. Qxf6+ Rg7 31. Ng5 $16) 30. Kc3 Rc8+ 31. Rc7 Rxc7+ 32. Nxc7
$14 {leidet einfach der Nachziehende.}) {Nun aber nach} 24. Qxg2 Bxg2 25. Ng5 (
{nicht} 25. Nc7 $2 Nh4 {[%cal Gh4f3]}) ({aber} 25. Bg5 {ist auch möglich:} fxg5
26. Kxg2 Nf5 $13) 25... fxg5 26. Kxg2 (26. Bxg8 Bc6) 26... Rg7 {bleibt die
Stellung kompliziert.}) 23... fxg5 24. Nxg5 Qh4 {Psakhis: 'Maybe Lutz missed
this move in his calculations.'} (24... Qxg2+ $2 25. Qxg2 Bxg2 {ist leicht
besser für Weiß wegen} 26. Nf7+ Kg7 27. Kxg2 {[%csl Gb3]}) 25. Qxh4 Nxh4 26.
Bxg8 Rxg8 27. Rd8 $6 $138 ({Hartnäckiger war} 27. Nf7+ {auch wenn Schwarz
mittels} Kg7 28. Nxe5 Bxg2 29. Rd4 Nf3+ 30. Nxf3 Bxf3 {[%csl Rg1] klaren
Vorteil bewahrt.}) 27... Rxd8 28. Nf7+ Kg7 29. Nxd8 Bxg2 30. Rd1 Bd5 {[%csl
Rd8]} 31. c4 Bxc4 32. Rd7 Kf8 $1 {[%csl Rd8] Immer noch gegen den Randspriger
gespielt. Bald werden sogar beide weißen Figuren in der Ecke gefangen.} 33.
Rxa7 Ke8 34. Nb7 (34. Ra8 Kd7 {oder}) (34. Rc7 Nf3+ $1 35. Kg2 Bd5 36. Nb7 Nd4+
37. Kg3 Nb5 {ändern nichts.}) 34... Nhf5 35. a4 ({Nach} 35. Ra8+ Kd7 36. Rh8
Bg8 {geht es nicht besser.}) 35... Nc8 (35... Bd5 {gewann schneller, aber auch
mir blieb hier noch wenig Zeit.} 36. Ra8+ Kd7 37. Ra7 Nc6 38. Ra8 Kc7) 36. Ra8
Kd7 {[%csl Ra8,Rb7]} 37. a5 Bd5 38. a6 Kc7 39. Kf1 Nfe7 40. Ke1 Bf3 $6 $138 ({
Wegen Zeitnot behielt ich den statu quo, aber} 40... Nc6 {hätte einige Züge
gespart.}) 41. Kd2 Nc6 42. Ke3 Bd5 43. f4 ({Um den Turm zu retten, gab es nur} 
43. Nd6 {, aber nach} Nxd6 44. Rh8 Nc4+ {ist es natürlich vorbei.}) 43... exf4+
44. Kxf4 N6a7 0-1

[Event "EU-chT (Men) 20th"]
[Site "Reykjavik"]
[Date "2015.11.16"]
[Round "4.2"]
[White "Perunovic, Milos"]
[Black "Edouard, Romain"]
[Result "1-0"]
[WhiteElo "2624"]
[BlackElo "2632"]
[Annotator "Perunovic,M"]
[PlyCount "65"]
[EventDate "2015.11.13"]
[EventType "team-swiss"]
[EventRounds "9"]
[EventCountry "ISL"]
[SourceTitle "CBM 170"]
[Source "ChessBase"]
[SourceDate "2016.01.15"]
[SourceVersion "1"]
[SourceVersionDate "2016.01.15"]
[SourceQuality "1"]
[WhiteTeam "Serbia"]
[BlackTeam "France"]
[WhiteTeamCountry "SRB"]
[BlackTeamCountry "FRA"]

1. e4 e6 2. d4 d5 3. Nc3 Bb4 4. e5 c5 5. a3 Bxc3+ 6. bxc3 Ne7 7. Qg4 cxd4 8.
Qxg7 Rg8 9. Qxh7 Qc7 10. Kd1 {I was surprised by the opening choice of my
opponent, so I decided to play the line that had been employed many times by
the famous Serbian grandmaster Milan Matulovic.} (10. Ne2 {is the main line.})
10... Nbc6 11. Nf3 Nxe5 $5 {After this move play is forced and requires high
precision from both sides.} (11... dxc3 12. Ng5 Nxe5 {now White has two
options.} 13. Bf4 (13. f4 f6 {!} 14. fxe5 fxg5 15. Qh5+ Kd8 16. Bxg5 Qc5 17. h4
Bd7 $13 {with an unclear position in which there are many opportunities for
both sides}) 13... Qb6 $5 (13... f6 14. Nf3 Qb6 15. Nxe5 fxe5 16. Bxe5 Qxf2 17.
Bxc3 $13) 14. Bxe5 Rxg5 15. Qh4 Rg8 16. Qd4 Qxd4+ 17. Bxd4 Bd7 (17... Nf5 18.
Bxc3 $13) 18. h4 $13) 12. Bf4 Qxc3 13. Nxe5 Qxa1+ 14. Bc1 d3 $6 {I knew the
move 14...Rf8 and during the game I thought that 14...d3 was a strong move.
But I was encouraged in thinking that it was not part of the preparation of my
opponent, because he spent a lot of time.} (14... Rf8 15. Bd3 Bd7 (15... Nc6 {?
} 16. Nxf7 $1 Rxf7 17. Qg8+ Ke7 18. Ke2 $1 $16) 16. Ke2 {the position is very
unclear, but I think White has better chances. I will show some ideas:} Nf5 (
16... Qc3 17. Bh6 Qc7 18. f4 O-O-O 19. Bxf8 Rxf8 20. Qg7 Qd8 21. Nxf7 Rg8 22.
Qf6 Qf8 23. g4 $16) 17. Re1 O-O-O 18. Nxf7 Rde8 19. Ne5 $5 (19. Kf1 $36) 19...
Ba4 20. Ng6 Rg8 21. Bf4 Qc3 (21... Rg7 22. Qxg7 Qxe1+ 23. Kxe1 Nxg7 24. g4 $16)
22. Kf1 Rg7 23. Qh5 $36 {with the idea g4 and White has a strong initiative.})
15. Qxf7+ Kd8 16. Qf6 dxc2+ 17. Kd2 $6 (17. Kxc2 $5 Qa2+ 18. Bb2 Bd7 19. Nf7+
Ke8 20. Nd6+ Kd8 21. Bd3 Ba4+ 22. Kd2 Rxg2 (22... Kd7 23. Re1 $18) 23. Nxb7+
Ke8 24. Qh8+ Rg8 25. Qh5+ Kf8 26. Qe5 d4 27. Qf6+ Ke8 28. Nd6+ Kd7 29. Nc4 Rab8
30. Qxd4+ Kc8 31. Qe5 $16) 17... Qd4+ 18. Bd3 (18. Kxc2 Qc5+ 19. Kb1 $5 Bd7 20.
Bd3 Rc8 21. g4 Kc7 22. Re1 Rcf8 23. Nxd7 Kxd7 24. Qxe6+ Kd8 25. f4 $16) 18...
Qc5 (18... Ke8 19. Ke2 Bd7 20. Be3 Qb2 21. Rc1 Rc8 22. Nxd7 d4 23. Nb8 $3 $18 {
A crazy computer move!} (23. Bd2 $13 {Bronstein,L-Uhlmann,W/Zagreb 1965})) 19.
Ke2 Bd7 20. Be3 d4 (20... Qxa3 $2 21. Ra1 $1 Qb4 22. Bd2 Qc5 (22... Qb6 23.
Bxc2 $18) (22... Qb3 23. Nf7+ Ke8 24. Nd6+ Kd8 25. Rc1 $18) 23. Nf7+ Ke8 24.
Bf4 Nc8 (24... Nf5 $2 25. Bxf5 Bb5+ 26. Kf3 Qe7 27. Qxe6 Qxe6 28. Bxe6 $18) (
24... Qb6 $2 25. Bd6 Nc8 26. Ba3 $18) 25. Nh6 Rxg2 26. Bg6+ Rxg6 27. Qxg6+ Ke7
28. Qg7+ Ke8 29. Qg8+ Qf8 30. Qg6+ Ke7 31. Bg5+ Kd6 32. Nf7+ Kc7 33. Bf4+ Kb6
34. Qxc2 $18) 21. Bxd4 Qd5 (21... Qxa3 $5 22. Nf7+ Ke8 23. Be5 Nf5 24. Bxf5
Bb5+ $5 25. Kd2 Qb4+ 26. Kc1 Qb1+ 27. Kd2 Qb4+ 28. Ke3 (28. Kc1 Qb1+ $11) 28...
Qc5+ 29. Kd2 $11) 22. Rc1 Bb5 $2 {The last mistake in time trouble.} (22... Rc8
23. Bxa7 Rc3 24. Nf7+ (24. Bd4 Rxd3 25. Kxd3 Ba4 26. g3 Re8 27. Qf3 Qb5+ 28.
Kd2 Nf5 29. Qd3 Nxd4 30. Qxd4+ Kc7 31. Qc4+ Qxc4 32. Nxc4 Rd8+ 33. Kc3 Rd1 34.
Kb2 b5 35. Ne5 Rd2 $44) 24... Ke8 25. Qxc3 Kxf7 26. Qc5 Rxg2 27. Qxd5 Nxd5 28.
Bb8 Rg8 29. Be5 Ra8 30. Bxc2 $14) (22... Ba4 23. Bxc2 Bb5+ 24. Bd3 Rc8 25. Rd1
Rc2+ 26. Ke3 $16) 23. Rxc2 Bxd3+ (23... Rc8 24. Rd2 $18 {!}) 24. Kxd3 Qb3+ $2 (
24... Re8 {was better:} 25. Rc5 Qb3+ (25... Qa2 $4 26. Nf7+ Kd7 27. Qf4 Qxa3+
28. Ke4 Rg8 29. Rc7+ Ke8 30. Nd6+ Kd8 31. Nxb7+ Ke8 32. Nd6+ Kd8 33. Rxe7 Kxe7
34. Qf7+ Kxd6 35. Be5+ Kc6 36. Qxe6+ Kb5 37. Qd7+ Ka6 38. Qc6+ Ka5 39. Bc7+ Kb4
40. Bd6+ $18) 26. Rc3 Qd5 (26... Qb5+ 27. Kd2 Rc8 28. Rd3 Kc7 29. Nc4 $5 Qxc4
30. Rc3 Kd7 31. Rxc4 Rxc4 32. Bxa7 $18) 27. Ke2 {with the threat Bc5 or Bb6.}
Qa2+ 28. Ke3 Rc8 29. Bc5 Rxc5 30. Rxc5 Qxa3+ 31. Nd3 $16) 25. Kd2 Qd5 26. Ke3 (
26. Rc3 $18 {with the idea Rd3.}) 26... Re8 27. Nf7+ Kd7 28. Ne5+ Kd8 29. Bc5
Qb3+ 30. Kd2 Qd5+ 31. Kc1 Rc8 32. Bxe7+ Rxe7 33. Qf8+ 1-0

[Event "OHRA-B"]
[Site "Amsterdam"]
[Date "1990.??.??"]
[Round "6"]
[White "Polgar, Judit"]
[Black "Uhlmann, Wolfgang"]
[Result "1-0"]
[WhiteElo "2540"]
[BlackElo "2505"]
[Annotator "Polgar,J"]
[PlyCount "105"]
[EventDate "1990.07.??"]
[EventType "swiss"]
[EventRounds "9"]
[EventCountry "NED"]
[SourceTitle "CBM 020"]
[Source "ChessBase"]
[SourceDate "1991.02.01"]
[SourceVersion "1"]
[SourceVersionDate "1991.02.01"]
[SourceQuality "1"]

1. e4 {Knaak} e6 2. d4 d5 3. Nc3 Bb4 4. e5 Ne7 5. a3 Bxc3+ 6. bxc3 c5 7. Qg4
O-O 8. Bd3 f5 (8... Nbc6 $2 9. Qh5 h6 10. Bxh6 gxh6 11. Qxh6 Nf5 12. Bxf5 exf5
13. O-O-O c4 14. Nh3 f6 15. Qg6+ Kh8 16. Rhe1 fxe5 17. dxe5 f4 18. Qh6+ Kg8 19.
Nxf4 Qe7 20. Re3 Bg4 21. Nxd5 Qxa3+ 22. Kb1 {Vogt,L-Uhlmann,W/Berlin Ost/1989/
1-0/22/}) (8... Nd7 9. Nf3 f5 10. Qh3 Nb6 11. Rg1 Qc7 12. Bd2 Nc4 13. g4 Nxd2
14. Kxd2 Kh8 15. gxf5 Nxf5 16. Rg5 cxd4 17. Rag1 dxc3+ 18. Kd1 Qe7 19. Rh5 Nh6
20. Rxg7 $18 Kxg7 21. Rxh6 Rh8 22. Rf6 Kg8 23. Rf4 h5 24. Rf6 {Polgar,
J-Sinkovics/Budapest/1990/0-1/}) 9. exf6 Rxf6 10. Bg5 Rf7 11. Qh5 h6 {N} (11...
g6 12. Qd1 Qa5 13. Bd2 Nbc6 14. Nf3 Bd7 15. h4 e5 16. c4 Qa4 17. Ng5 dxc4 18.
Be4 Bf5 19. Nxf7 Bxe4 20. Qg4 $16 {Epishin-Ulibin/Minsk/1990/1-0/35/}) 12. Bg6
Rf8 13. Nf3 Nbc6 14. O-O (14. Bxh6 gxh6 15. Qxh6 Nxg6 16. Qxg6+ Kh8 17. Qh6+
$10) 14... Qc7 $6 (14... Bd7 15. Rae1 (15. dxc5 Be8 (15... e5) (15... e5 {Knaak
}) 16. Bxe8 Qxe8 17. Qxe8 Raxe8 18. Be3 Nf5 $44) (15. Bxh6 gxh6 16. Qxh6 Nxg6
17. Qxg6+ Kh8 18. Ng5 $17 (18. Qh6+ $10) (18. Qh6+ $10 {Knaak}) 18... Qe7 19.
f4 Be8 20. Qh6+ Kg8 21. Rf3 Rf6 $17) 15... Be8 16. Bxe8 Qxe8 17. Qxe8 Rfxe8 18.
Bxe7 Rxe7 19. dxc5 e5 $13) 15. Bxe7 Qxe7 (15... Nxe7 16. Ne5 $16) 16. Rae1 Qf6
$6 (16... cxd4 17. cxd4 Qxa3 18. Bd3 Ne7 19. Ne5 $40) (16... Bd7 17. c4 $13)
17. Ne5 $1 cxd4 $6 (17... Nxe5 18. dxe5 Qe7 19. f4 Bd7 20. Re3 (20. g4 Be8 21.
f5 $14) 20... Be8 21. Rg3 Rf5 $10) 18. f4 $1 dxc3 (18... Nxe5 19. fxe5 Qg5 (
19... Qe7 20. Rxf8+ Qxf8 21. Rf1 Qc5 22. Bd3 dxc3+ 23. Kh1 { 1/4h5-g6  1/
4h5-f7}) 20. Rxf8+ Kxf8 21. Qf3+ Ke7 22. Qf7+ Kd8 23. Qf8+ Kc7 24. Qd6#) 19. g4
$1 Qe7 (19... Nxe5 20. fxe5 Qe7 21. Rxf8+ Qxf8 22. Rf1 Qc5+ 23. Kg2 Bd7 24. Bd3
(24. Bf7+ $1 Kh7 25. g5) 24... Be8 {24...<<f8}) 20. Bd3 $1 (20. g5 Nxe5 21.
Rxe5 Qc5+ 22. Kg2 Qd4 $13) 20... Qe8 $8 21. Ng6 Bd7 (21... Rf7 22. g5) 22. g5
$1 Rf7 23. gxh6 gxh6 24. Kh1 $18 (24. Qxh6 Rh7 25. Qg5 Rg7 26. f5) 24... Ne7
25. Rg1 Nf5 (25... Nxg6 26. Bxg6) 26. Ne7+ $6 (26. Bxf5 Rxf5 27. Qxh6 Kf7 28.
Qh7+ Kf6 29. Ne5 $18) 26... Kf8 27. Nxf5 {27.<<g8} Rf6 28. Qg4 Qf7 29. Nd6 Rxf4
30. Nxf7 Rxg4 31. Rxg4 Kxf7 32. Rh4 $6 (32. Rf1+ Ke7 33. Rg7+ Kd6 34. Rh7 $18)
32... Rh8 33. Kg2 Kf6 34. Rh5 Ke7 35. Kf2 (35. Rxd5 $4 Bc6 36. Bc4 Rd8) 35...
Kd6 36. Re3 Be8 37. Rhe5 Rf8+ 38. Ke1 Rf6 39. Re2 Bc6 40. R5e3 d4 41. Rg3 e5
42. Rg6 Rxg6 43. Bxg6 b5 44. Be4 Bd5 45. Bxd5 Kxd5 46. Rf2 a5 47. Rf8 b4 48.
axb4 axb4 49. Rc8 h5 50. Ke2 h4 51. Rc7 h3 52. Rc8 e4 53. Rc7 {53...<<e5 54.
<<c4} 1-0